000 00495nam a2200205Ia 4500
001 4049
003 IVS
005 20250626025605.0
008 211022s9999 xx 000 0 und d
040 _cIVS
082 _a720 BUS
100 _aBushra Pervez
245 0 _aLinkages
260 _aKarachi
260 _bIndus Valley School
260 _c2000
300 _a80
856 _uhttps://drive.google.com/file/d/1zBiXwHfhpe37x7OraSkFbnk2gxLxHG2F/view?usp=sharing
942 _cDISS
_2ddc
_n0
999 _c5832
_d5832